| 000 | 00447nmm a2200157Ia 4500 | ||
|---|---|---|---|
| 008 | 251105s9999||||xx |||||||||||||||||und|| | ||
| 020 | _a9788468790923 | ||
| 041 | _aspa | ||
| 100 | _aMallery, Susan | ||
| 245 | 0 | _aUn beso inesperado | |
| 264 |
_a[Madrid, España] : _bHarlequin, _c[Fecha de publicación no identificada] |
||
| 300 | _a0 páginas | ||
| 650 | _aRomance | ||
| 856 | _uhttps://public.digitaliapublishing.com/a/95510 | ||
| 942 | _cCF | ||
| 999 |
_c84590 _d84590 |
||